<?xml version="1.0" encoding="UTF-8"?>
<record
    xmlns:xsi="http://www.w3.org/2001/XMLSchema-instance"
    xsi:schemaLocation="http://www.loc.gov/MARC21/slim http://www.loc.gov/standards/marcxml/schema/MARC21slim.xsd"
    xmlns="http://www.loc.gov/MARC21/slim">

  <leader>00697nam a22001817a 4500</leader>
  <controlfield tag="003">UA-OsUOA</controlfield>
  <controlfield tag="001"> 15566 </controlfield>
  <controlfield tag="007">ta</controlfield>
  <controlfield tag="008">20031118b un ||||| |||| 00| 0 ukr d</controlfield>
  <datafield tag="100" ind1=" " ind2=" ">
    <subfield code="a">&#x42F;&#x440;&#x43E;&#x448;&#x435;&#x432;&#x438;&#x447; &#x412;.</subfield>
  </datafield>
  <datafield tag="942" ind1=" " ind2=" ">
    <subfield code="c">SA</subfield>
  </datafield>
  <datafield tag="040" ind1=" " ind2=" ">
    <subfield code="a">UA-OsUOA</subfield>
    <subfield code="c">UA-OsUOA</subfield>
    <subfield code="d">UA-OsUOA</subfield>
  </datafield>
  <datafield tag="245" ind1=" " ind2=" ">
    <subfield code="a">"&#x41E;&#x43A;&#x441;&#x430;&#x43C;&#x438;&#x442;&#x43E;&#x432;&#x438;&#x439; &#x43F;&#x435;&#x440;&#x435;&#x434;&#x437;&#x432;&#x456;&#x43D;" - &#x441;&#x432;&#x44F;&#x442;&#x43E; &#x456;&#x43D;&#x432;&#x430;&#x43B;&#x456;&#x434;&#x456;&#x432;</subfield>
    <subfield code="b">[&#x41F;&#x440;&#x43E; 1-&#x439; &#x43E;&#x431;&#x43B;. &#x444;&#x435;&#x441;&#x442;. &#x43B;&#x44E;&#x434;&#x435;&#x439; &#x437; &#x456;&#x43D;&#x432;&#x430;&#x43B;&#x456;&#x434;&#x43D;&#x456;&#x441;&#x442;&#x44E; "&#x41E;&#x43A;&#x441;&#x430;&#x43C;&#x438;&#x442;&#x43E;&#x432;&#x438;&#x439; &#x43F;&#x435;&#x440;&#x435;&#x434;&#x437;&#x432;&#x456;&#x43D;", &#x449;&#x43E; &#x432;&#x456;&#x434;&#x431;&#x443;&#x432;&#x441;&#x44F; &#x443; &#x420;&#x456;&#x432;&#x43D;&#x43E;&#x43C;&#x443;</subfield>
  </datafield>
  <datafield tag="300" ind1=" " ind2=" ">
    <subfield code="a">&#x421;.6</subfield>
  </datafield>
  <datafield tag="955" ind1=" " ind2=" ">
    <subfield code="a">0</subfield>
  </datafield>
  <datafield tag="773" ind1="0" ind2=" ">
    <subfield code="w">0</subfield>
    <subfield code="t">&#x41D;&#x43E;&#x432;&#x430; &#x412;&#x43E;&#x43B;&#x438;&#x43D;&#x44C;</subfield>
    <subfield code="d">&#x420;&#x456;&#x432;&#x43D;&#x435;</subfield>
    <subfield code="d">2003</subfield>
    <subfield code="g">&#x2116;31/31&#x43B;&#x438;&#x43F;./</subfield>
  </datafield>
  <datafield tag="650" ind1=" " ind2="7">
    <subfield code="a">&#x41A;&#x440;&#x430;&#x454;&#x437;&#x43D;&#x430;&#x432;&#x447;&#x430; &#x440;&#x43E;&#x431;&#x43E;&#x442;&#x430;</subfield>
    <subfield code="2">UDC</subfield>
  </datafield>
  <datafield tag="999" ind1=" " ind2=" ">
    <subfield code="c">301731</subfield>
    <subfield code="d">301731</subfield>
  </datafield>
</record>
